القانون رقم 12 لسنة 2003 بإصدار قانون العمل : (Record no. 9240)
[ view plain ]
| 000 -الفاتح | |
|---|---|
| حقل البيانات ثابتة الطول | 01141nam a22002535a 4500 |
| 003 - محدد رقم الضبط | |
| رقم الضبط | OSt |
| 005 - وقت وتاريخ اخر تعامل مع التسجيلة | |
| رقم الضبط | 20170913113128.0 |
| 008 - عناصر البيانات ثابتة الطول - معلومات عامة | |
| حقل البيانات ثابتة الطول | 101013s2008 ua frl 000 0 ara d |
| 017 ## - رقم الإيداع القانونى | |
| رقم الإيداع القانونى | 2008 / 4265 |
| 040 ## - مصدر الفهرسة | |
| وكالة الفهرسة الأصلية | EG-ScBUE |
| لغة الفهرسة | ara |
| وكالة النسخ | EG-ScBUE |
| 043 ## - رمز المنطقة الجغرافية | |
| رمز المنطقة الجغرافية | f-ua--- |
| 082 04 - رقم تصنيف ديوى العشرى | |
| رقم التصنيف | 344.6201 |
| رقم المادة | ق ا ن |
| رقم الطبعة | 22 |
| 110 1# - المدخل الرئيسى - إسم هيئة | |
| اسم الهيئة أو اسم السلطة كمدخل | مصر. |
| 245 12 - بيان العنوان | |
| العنوان | القانون رقم 12 لسنة 2003 بإصدار قانون العمل : |
| بقية العنوان | متضمنا القرارات الوزارية المنفذة لأحكامه ومذكرته الإيضاحية / |
| بيان المسئوليه,etc | إعداد ومراجعة أشرف الجوهري المنشاوي، محمد أحمد محمد جادو. |
| 250 ## - بيان الطبعة | |
| بيان الطبعة | ط. 14. |
| 260 ## - PUBLICATION, DISTRIBUTION, ETC. (IMPRINT) | |
| اسم الناشر او الموزع | القاهرة : |
| تاريخ النشر أو التوزيع | الهيئة العامة لشئون المطابع الأميرية، |
| مكان الناشر او الموزع | 2008. |
| 300 ## - الوصف المادى | |
| التعداد | 862 ص. ؛ |
| أبعاد الوعاء | 24 سم. |
| 650 #7 - المدخل الاضافى بالموضوع-مصطلح موضوعى | |
| مصطلح موضوعي أو اسم جغرافي كعنصر مدخل | العمل والعمال |
| التقسيم الفرعي العام | قوانين وتشريعات |
| التقسيم الفرعي الجغرافي | مصر |
| 9 (RLIN) | 10938 |
| مصدر الرأس أو المصطلح | BUEsh |
| 651 ## - المدخل الاضافى بالموضوع - اسم جغرافى | |
| مصدر الرأس أو المصطلح | BUEsh |
| 653 ## - مصطلح تكشيفى غير مقيد | |
| Resource For college | Law |
| Arrived date list | September2017 |
| 700 1# - المدخل الاضافى - اسم شخصى | |
| الإسم الشخصى | منشاوي ، أشرف الجوهري، |
| الدور | معد، |
| -- | مراجع. |
| 9 (RLIN) | 20356 |
| 700 1# - المدخل الاضافى - اسم شخصى | |
| الإسم الشخصى | جادو، محمد أحمد محمد، |
| الدور | معد، |
| -- | مراجع. |
| 9 (RLIN) | 20357 |
| 942 ## - عناصر المدخل الإضافي( كوها) | |
| مصدر التصنيف او مخطط الترفيف | Dewey Decimal Classification |
| حالة التراجع | حالة الفقد | مصدر التصنيف او خطة الترفيف | حالة تلف | ليس للاعارة | المكان الدائم | المكان الحالي | موقع الترفيف | تاريخ الاكتساب | Source of acquisition | رقم الاستدعاء | الباركود | Date last seen | التكلفة | نوع الوعاء | مُعار |
|---|---|---|---|---|---|---|---|---|---|---|---|---|---|---|---|
| Dewey Decimal Classification | Central Library | Central Library | First floor | 12/01/2011 | Purchase | 344.6201 ق ا ن | 000011185 | 15/07/2025 | 32.00 | Book - Borrowing | |||||
| Dewey Decimal Classification | Central Library | Central Library | First floor | 12/01/2011 | Purchase | 344.6201 ق ا ن | 000011186 | 15/07/2025 | 32.00 | Book - Borrowing | 09/05/2013 |